000 00216nam a2200097Ia 4500
008 120527s9999 xx 000 0 und d
100 _aFRN
245 _aReport of the special committee.
260 _bFRN
942 _cBK
999 _c19177
_d19177